| 000 | 00749nam a2200229 a 4500 | ||
|---|---|---|---|
| 005 | 20230915063539.0 | ||
| 008 | 040429s2002 mx r 000 0 spa d | ||
| 020 | _a8466308482 | ||
| 035 | _aUPN01000133218 | ||
| 049 | _aCG | ||
| 050 | 4 |
_aPQ6663 U4.7 _bS4.4 |
|
| 100 | 1 |
_aMuñoz Molina, Antonio, _d1956- |
|
| 245 | 1 | 0 |
_aSefarad : _buna novela de novelas / _cAntonio Muñoz Molina. |
| 260 |
_aMadrid : _bSuma de letras, _c2002. |
||
| 300 | _a516 p. | ||
| 440 | 0 |
_aPunto de lectura ; _v6.4 |
|
| 500 | _a"Un recorrido por la historia del siglo XX a través de los perseguidos y olvidados" | ||
| 650 | 4 |
_aJUDIOS - _xPERSECUCIONES _97407 |
|
| 650 | 4 |
_aJUDIOS EN LA LITERATURA _914341 |
|
| 650 | 4 |
_aNovela española _ySiglo XX _99779 |
|
| 905 | _aLibro | ||
| 999 |
_c105370 _d105370 |
||